Munkahelyi támogatás és pszichoszociális tényezők specifikumai pályakezdő ápolók körében

Elmentve itt :
Bibliográfiai részletek
Szerzők: Németh Anikó
Tóth Renáta
Dokumentumtípus: Cikk
Megjelent: 2024
Sorozat:NŐVÉR 37 No. 6
Tárgyszavak:
doi:10.55608/nover.37.0026

mtmt:35654014
Online Access:http://publicatio.bibl.u-szeged.hu/35701
LEADER 00811nab a2200217 i 4500
001 publ35701
005 20250122093637.0
008 250122s2024 hu o 000 hun d
022 |a 0864-7003 
024 7 |a 10.55608/nover.37.0026  |2 doi 
024 7 |a 35654014  |2 mtmt 
040 |a SZTE Publicatio Repozitórium  |b hun 
041 |a hun 
100 1 |a Németh Anikó 
245 1 0 |a Munkahelyi támogatás és pszichoszociális tényezők specifikumai pályakezdő ápolók körében  |h [elektronikus dokumentum] /  |c  Németh Anikó 
260 |c 2024 
300 |a 20-30 
490 0 |a NŐVÉR  |v 37 No. 6 
650 4 |a Egészségtudományok 
700 0 1 |a Tóth Renáta  |e aut 
856 4 0 |u http://publicatio.bibl.u-szeged.hu/35701/1/job-support-and-specificities-of-psychosocial-factors-among-early-career-nurses.pdf  |z Dokumentum-elérés